| 000 | 00000nam##2200000za#4500 |
| 001 | 9.626138 |
| 003 | CaOODSP |
| 005 | 20241210082333 |
| 007 | ta |
| 008 | 150406|2003||||xxc||||| f|0| 0 fre|d |
| 022 | |a1192-5434 |
| 040 | |aCaOODSP|bfre |
| 043 | |an-cn--- |
| 086 | 1 |aFB3-2/103-3F |
| 110 | 2 |aBanque du Canada. |
| 245 | 10|aModélisation et prévision du taux de change réel effectif américain / |cpar René Lalonde et Patrick Sabourin. |
| 260 | |aOttawa - Ontario : |bBanque du Canada |c2003. |
| 300 | |av, 25p. : |bgraphiques, tableaux ; |c28 cm. |
| 490 | 1 |aDocument de travail|x1192-5434|v2003-3 |
| 504 | |aBibliographie. |
| 546 | |a(Abstracts in English.) |
| 563 | |aCouverture souple |
| 590 | |a03-10|b2003-03-07 |
| 720 | 1 |aSabourin, Patrick |
| 720 | 1 |aLalonde, René |
| 776 | 0#|tModélisation et prévision du taux de change réel effectif américain / |w(CaOODSP)9.607453 |
| 830 | #0|aDocument de travail,|x1192-5434|v2003-3|w(CaOODSP)9.513013 |